000 00684nam a2200229 u 4500
005 20240228064258.0
008 170222s2007 mx r 000 0 spa d
020 _a970983343X
035 _aUPN01000216230
049 _aI
050 4 _aPZ75
_bG6.52
100 1 _aGómez Benet, Nuria
_935602
245 1 0 _aMatías en salto mortal /
_cNuria Gómez Benet.
260 _aMéxico :
_bCONAPRED,
_c2007.
300 _a28 p. :
_bil. col.
440 0 _aKipatla.
_pPara tratarnos igual
650 4 _aDISCRIMINACION -
_vLITERATURA INFANTIL
_923110
650 2 _aPrejuicios y antipatías
_96606
650 4 _aLibros y lectura para niños
_92290
905 _aInfantil
999 _c188330
_d188330